The teaching of Buddha / (Record no. 4576)

MARC details
000 -LEADER
fixed length control field 00440nam a2200145 4500
001 - CONTROL NUMBER
control field 5446
005 - DATE AND TIME OF LATEST TRANSACTION
control field 20181127175537.0
090 00 - LOCALLY ASSIGNED LC-TYPE CALL NUMBER (OCLC); LOCAL CALL NUMBER (RLIN)
Classification number (OCLC) (R) ; Classification number, CALL (RLIN) (NR) 243.1 K996t 1966
245 00 - TITLE STATEMENT
Title The teaching of Buddha /
Remainder of title
Statement of responsibility, etc. Bukkyo Dendo Kyokai.
Medium
260 00 - PUBLICATION, DISTRIBUTION, ETC.
Place of publication, distribution, etc. Tokyo, Japan :
Name of publisher, distributor, etc. Society for the Promotion of Buddhism,
Date of publication, distribution, etc. 1966.
300 00 - PHYSICAL DESCRIPTION
Extent 609 p. ; 19 cm.
650 00 - SUBJECT ADDED ENTRY--TOPICAL TERM
Topical term or geographic name entry element Buddhism --Doctrines.
General subdivision
Topical term or geographic name entry element Buddhism --Study and teaching.
General subdivision
Holdings
Withdrawn status Lost status Source of classification or shelving scheme Damaged status Not for loan Collection code Home library Current library Shelving location Date acquired Serial Enumeration / chronology Inventory number Total Checkouts Full call number Barcode Date last seen Date last checked out Price effective from Koha item type
    Dewey Decimal Classification     Main TEST RTC Library RTC Library Main opac 11/08/2023 8793 3 243 KYO 30008817 08/09/2025 12/08/2025 27/11/2018 Main
Royal Thimphu College || All Right Reserved